Možnosti čerpania 2014 - 2020, skúsenosti z čerpania 2007 - 2013

Integrovaný regionálny operačný program (IROP), prináša viacero inovácií, smerujúcich k efektívnejšiemu riešeniu regionálnych disparít. Spektrum oblastí nového operačného programu.

Salvato in:
Dettagli Bibliografici
Autore principale: Solomon, Lucia
Natura: Capitolo di libro
Lingua:slovacco
Soggetti:
Tags: Aggiungi Tag
Nessun Tag, puoi essere il primo ad aggiungerne!!

MARC

LEADER 00000nla a2200000 4500
001 0185323
005 20231005103720.5
041 0 |a slo 
044 |a SK 
245 1 0 |a Možnosti čerpania 2014 - 2020, skúsenosti z čerpania 2007 - 2013  |c Lucia Solomon 
520 |a Integrovaný regionálny operačný program (IROP), prináša viacero inovácií, smerujúcich k efektívnejšiemu riešeniu regionálnych disparít. Spektrum oblastí nového operačného programu. 
610 2 0 |a fondy Európskej únie 
610 2 0 |a zdroje finančné 
610 2 0 |a rozvoj regionálny 
610 2 0 |a disparita 
610 2 0 |a euroregióny 
610 2 0 |a spolupráca medzinárodná 
100 1 |a Solomon, Lucia